| 000 | 01238nam a22002655a 4500 | ||
|---|---|---|---|
| 003 | OSt | ||
| 005 | 20161122112900.0 | ||
| 008 | 161122s2010 ua frb 000 0 ara d | ||
| 015 | _a2009/22659 | ||
| 020 | _a9789770462736 | ||
| 040 |
_aEG-ScBUE _bara _cEG-ScBUE |
||
| 082 | 0 | 4 |
_a346.620482 _bك ا م _222 |
| 100 | 1 | _aكامل، شريف سيد. | |
| 245 | 1 | 0 |
_aجرائم النشر في القانون المصري على ضوء التعديلات المستحدثة بالقانون رقم 147 لسنة 2006 / _cشريف سيد كامل. |
| 246 | 3 | _aجرائم النشر في القانون المصري على ضوء التعديلات المستحدثة بالقانون رقم مئة وسبعة وأربعون لسنة 2006 | |
| 260 |
_aالقاهرة : _bدار النهضة العربية، _c2010. |
||
| 300 |
_a356 ص. ؛ _c24 سم. |
||
| 650 | 7 |
_aحقوق التأليف والنشر _xقوانين وتشريعات _zمصر. _2BUEsh _941044 |
|
| 650 | 7 |
_aالنشر _xقوانين وتشريعات _zمصر. _2BUEsh |
|
| 650 | 7 |
_aالصحافة _xقوانين وتشريعات _zمصر. _2BUEsh |
|
| 650 | 7 |
_aقانون العقوبات _zمصر. _941137 |
|
| 651 | _2BUEsh | ||
| 653 |
_bLLAAWW _cNovember2016 |
||
| 942 | _2ddc | ||
| 999 |
_c23258 _d23230 |
||